Normal view
MARC view
- Wajahat Hussain
Entry Personal Name
001 - CONTROL NUMBER
- control field: 30989
003 - CONTROL NUMBER IDENTIFIER
- control field: NUST
005 - DATE AND TIME OF LATEST TRANSACTION
- control field: 20200930102833.0
008 - FIXED-LENGTH DATA ELEMENTS
- fixed length control field: 200930|| aca||aabn | a|a d
040 ## - CATALOGING SOURCE
- Original cataloging agency: NUST
- Transcribing agency: NUST
100 ## - HEADING--PERSONAL NAME
- Personal name: Wajahat Hussain
670 ## - SOURCE DATA FOUND
- Source citation: Work cat.: (NUST): Abdullah, Hammad ; Hasany, Syed Abbas Tariq and Nasim, Muhammad Hamza 30988, Suicide Vest Detection Using Deep Learning:, 2018.
